00331pam a2200109 a 4500020000500000041000500005082001300010100005600023245009500079260003600174300001100210 c h a658.4012 aLEDGERWOOD (G.)/ STREET (E.)/ THERIVEL (R.)eauthor aThe Enviromental Audit and Business Strategy: A Total Quality Approach hTextual Document bPitman Publication Londonc1993 aXV,203